|
|
|
|
| LEADER |
00000nab a2200000 a 4500 |
| 001 |
vtls000794071 |
| 003 |
SK-MaSNL |
| 005 |
20260303171956.0 |
| 008 |
140301c2002 xo 0 slo |
| 015 |
|
|
|a SNBRB2002/05-16140
|
| 035 |
|
|
|a CLN000145726
|
| 040 |
|
|
|a SNKBUCL
|b slo
|c SNKBUCL
|e AACR2
|
| 041 |
0 |
|
|a slo
|
| 044 |
|
|
|a xo
|c SK
|
| 080 |
|
|
|a 32-051:342.518
|2 1997
|
| 080 |
|
|
|a 342.518
|2 1997
|
| 080 |
|
|
|a 354.32(437.6)-051
|2 1997
|
| 100 |
1 |
|
|a Moravčíková, Marta
|4 aut
|9 386810
|
| 245 |
1 |
0 |
|a Striedanie strán aj ministrov
|b Peter Ponický chce nadviazať na prácu odchádzajúceho Milana Ftáčnika
|c Marta Moravčíková
|
| 300 |
|
|
|b Fotogr.
|
| 600 |
1 |
7 |
|a Ponický, Peter,
|d 1956-
|2 snkbucl
|
| 610 |
1 |
7 |
|a Slovensko.
|b Ministerstvo školstva
|2 snkbucl
|
| 655 |
|
7 |
|a články z novín a časopisov
|2 snkbucl
|9 267496
|
| 773 |
0 |
|
|t Hospodárske noviny
|g Roč. 10, č. 76 (19.-21.4.2002), s. 1
|x 1335-4701
|
| 850 |
|
|
|a Slovenská národná knižnica v Martine
|
| 852 |
|
|
|a SNK
|b KIS3GCP
|
| 958 |
|
|
|a SK
|
| 992 |
|
|
|a RBX
|
| 999 |
|
|
|c 2084281
|d 2086211
|